000 00549nam a22001937a 4500
003 KOHA_MİRAKIL
005 20251002155349.0
008 251002b tu ||||| |||| 00| 0 tur d
020 _a9789750521324
040 _aTR-AnABB
_btur
_cTR-AnABB
041 _atur
082 _a320.540899159
_bSOİ 2021
100 1 _aSoileau, Dilek Kızıldağ,
245 1 0 _aKoçgiri isyanı /
_cDilek Kızıldağ Soileau
260 _aİstanbul :
_bİletişim Yayınları,
_c2021
300 _a432 sayfa ;
_c22 cm
650 0 4 _aTarih
942 _2ddc
_cBK
999 _c9046
_d9046
900 _bGizem YORULMAZ